Every Song by Further Seems Forever - Statistics

General Stats
  • This quiz has been taken 2 times
  • The average score is 14 of 46
Answer Stats
Album Song % Correct
Hide Nothing(2004) Hide Nothing
100%
How to Start a Fire(2003) How to Start a Fire
100%
The Moon is Down(2001) New Year's Project
100%
Penny Black(2012) Penny Black
100%
The Moon is Down(2001) The Moon is Down
100%
How to Start a Fire(2003) Against My Better Judgement
50%
How to Start a Fire(2003) Aurora Borealis (In Long Form)
50%
Hide Nothing(2004) Bleed
50%
How to Start a Fire(2003) I Am
50%
From the 27th State(1999) Justice Prevails
50%
Hide Nothing(2004) Light Up Ahead
50%
Hide Nothing(2004) Like Someone You Know
50%
The Moon is Down(2001) Monachetti
50%
The Moon is Down(2001) Pictures of Shorelines
50%
How to Start a Fire(2003) Pride War
50%
The Moon is Down(2001) Snowbirds and Townies
50%
Penny Black(2012) So Cold
50%
The Moon is Down(2001) The Bradley
50%
Hope This Finds You Well(2006) There, Now I've Said It
50%
How to Start a Fire(2003) The Sound
50%
The Moon is Down(2001) Untitled
50%
The Moon is Down(2001) Vengeance Factor
50%
The Moon is Down(2001) Wearing Thin
50%
How to Start a Fire(2003) A Blank Page Empire
0%
Hide Nothing(2004) All Rise
0%
Hide Nothing(2004) Already Gone
0%
The Moon is Down(2001) A New Desert Life
0%
Penny Black(2012) A System of Symmetry
0%
Hide Nothing(2004) Call on the Life
0%
Penny Black(2012) Engines
0%
Hide Nothing(2004) For All We Know
0%
How to Start a Fire(2003) Insincerity as an Artform
0%
Penny Black(2012) Janie
0%
The Moon is Down(2001) Just Until Sundown
0%
Penny Black(2012) King's Canyon
0%
Hide Nothing(2004) Lead the Way
0%
The Moon is Down(2001) Madison Prep
0%
Hide Nothing(2004) Make it a Part
0%
How to Start a Fire(2003) On Legendary
0%
Penny Black(2012) On the Outside
0%
Penny Black(2012) Rescue Trained
0%
Penny Black(2012) Rusted Machines
0%
Penny Black(2012) Staring Down the Sun
0%
Penny Black(2012) Stem the Loss
0%
How to Start a Fire(2003) The Deep
0%
Penny Black(2012) Way Down
0%
No matching quizzes found
Score Distribution
Percent of People with Each Score
Percentile by Number Answered
Your Score History
You have not taken this quiz